Normal view MARC view

Entry Meeting Name

Number of records used in: 1

001 - CONTROL NUMBER

  • control field: 295645

003 - CONTROL NUMBER IDENTIFIER

  • control field: MY-SjTCS

005 - DATE AND TIME OF LATEST TRANSACTION

  • control field: 20200306171023.0

008 - FIXED-LENGTH DATA ELEMENTS

  • fixed length control field: 200306|| aca||aabn | a|a d

040 ## - CATALOGING SOURCE

  • Original cataloging agency: MY-SjTCS
  • Transcribing agency: MY-SjTCS

111 ## - HEADING--MEETING NAME

  • Meeting name or jurisdiction name as entry element: World Conference on Continuing Professional Development and Workplace Learning for the Library and Information Professions
  • Number of part/section/meeting: (6th :
  • Date of meeting or treaty signing: 2005 :
  • Location of meeting: Oslo, Norway)

670 ## - SOURCE DATA FOUND

  • Source citation: Work cat.: (MY-SjTCS)66684: World Conference on Continuing Professional Development and Workplace Learning for the Library and Information Professions (6th : 2005 : Oslo, Norway), Continuing professional development-- preparing for new roles in libraries, 2005.